Papelucho: mi hermano hippie

Saved in:
Bibliographic Details
Main Author: Paz, Marcela (autora)
Format: Book
Language:Spanish
Published: Santiago Universitaria 1988
Subjects:
Tags: Add Tag
No Tags, Be the first to tag this record!

MARC

LEADER 00000nam a2200000 a 4500
001 UCW4939
003 CL-VaPUC
005 20230328173206.0
008 901009e19880000CL |||||||||||||||||spa|d
999 |c 218503  |d 218501 
040 |c Pontificia Universidad Católica de Valparaíso 
082 0 4 |a Ch863  |b PAZ  |2 21 
100 |a Paz, Marcela  |e autora  |9 881017 
245 1 0 |a Papelucho: mi hermano hippie 
260 |a Santiago  |b Universitaria  |c 1988 
300 |a 127 p 
583 |a last modification  |c 19901009 00:00:00  |k Rodrigo Vera 
650 0 |a Novelas chilenas   |9 265425 
942 |c BK  |2 ddc 
945 |d 19901009 00:00:00 
952 |0 0  |1 0  |4 0  |6 CH_863_000000000000000_PAZ_1988  |7 0  |8 A  |9 208177  |a BIBEDU  |b BIBEDU  |c ES_NOD  |d 2019-11-15  |i 2760630  |o Ch863 PAZ 1988  |p 2760630  |r 2023-08-09  |w 2019-11-15  |y BK  |k EDU